000 00649nam a2200277Ia 4500
005 20260324120127.0
008 008 260324s9999 xx 000 0 eng d
020 _a9780429155451
037 _aEBOOK
040 _aCRL
040 _beng
040 _cCRL
041 _2eng
041 _aeng
084 _qCRL
100 _aNiels G. Becker
_91157346
245 0 _aModeling to Inform Infectious Disease Control
260 _bTaylor and Francis
260 _c2015
365 _a
365 _b195
856 _uhttp://www.taylorfrancis.com/books/9780429155451
942 _cEBOOK
999 _c1748695
_d1748695